Den ønskede søgning blev ikke fundet”
MARC
|
|
|
|
| LEADER |
00000nam a2200000Ia 4500 |
| 008 |
150814b1980 cr ||||| |||| 00| | spa d |
| 020 |
|
|
|a 8470462040
|
| 090 |
|
|
|a 371.3
|b V168d
|
| 100 |
1 |
|
|a Valett, Robert E.
|9 868
|
| 245 |
1 |
0 |
|a Tratamiento de los problemas de aprendizaje
|
| 260 |
|
|
|a Madrid, España :
|b Cincel,
|c 1980
|
| 300 |
|
|
|a 339 páginas
|
| 650 |
1 |
4 |
|a APRENDIZAJE
|9 387
|
| 650 |
1 |
4 |
|a DESARROLLO MOTOR
|9 869
|
| 650 |
1 |
4 |
|a DESARROLLO DE HABILIDADES
|9 644
|
| 650 |
1 |
4 |
|a DESARROLLO INTEGRADO
|9 870
|
| 942 |
|
|
|i 325478
|h 371.3 V168d
|2 z
|c 01
|
| 999 |
|
|
|c 209
|d 209
|